The effectiveness of the integrated Financial Management Information System (IFMIS) on the Financial Management of the Public Sector in Zambia : A case of Ministry of Finance (Record no. 41320)

MARC details
000 -LEADER
fixed length control field 00800nam a2200157 a 4500
008 - FIXED-LENGTH DATA ELEMENTS--GENERAL INFORMATION
fixed length control field 220302s2017 ||||||||||||||||| || u
050 ## - LIBRARY OF CONGRESS CALL NUMBER
Classification number CBU-PG THESIS/PHI
100 ## - MAIN ENTRY--PERSONAL NAME
Personal name Phiri, Lucy
245 14 - TITLE STATEMENT
Title The effectiveness of the integrated Financial Management Information System (IFMIS) on the Financial Management of the Public Sector in Zambia : A case of Ministry of Finance
Statement of responsibility, etc. By Lucy Phiri
260 ## - PUBLICATION, DISTRIBUTION, ETC.
Place of publication, distribution, etc. Kitwe
Name of publisher, distributor, etc. Copperbelt University
Date of publication, distribution, etc. 2017
300 ## - PHYSICAL DESCRIPTION
Extent xii, 51 pages : illustrations
650 ## - SUBJECT ADDED ENTRY--TOPICAL TERM
Topical term or geographic name entry element PUBLIC SECTOR INFORMATION MANAGEMENT SYSTEM
650 ## - SUBJECT ADDED ENTRY--TOPICAL TERM
Topical term or geographic name entry element FINANCIAL MANAGEMENT--PUBLIC--ZAMBIA
650 ## - SUBJECT ADDED ENTRY--TOPICAL TERM
Topical term or geographic name entry element INTEGRATED FINANCIAL MANAGEMENT INFORMATION SYSTEM
995 ## - RECOMMENDATION 995 [LOCAL, UNIMARC FRANCE]
-- CBU-MAIN LIBRARY (Kitwe)
-- 1
-- AVAILABLE
-- May 26, 2022
-- University Collection
Holdings
Withdrawn status Lost status Source of classification or shelving scheme Damaged status Not for loan Home library Current library Shelving location Date acquired Total Checkouts Full call number Barcode Date last seen Price effective from Koha item type
          CBU-MAIN LIBRARY, KITWE. CBU-MAIN LIBRARY, KITWE.   11/30/2022   CBU-PG THESIS/PHI B4774 11/30/2022 11/30/2022 MONOGRAPH